| 000 | 00995 a2200193 4500 | ||
|---|---|---|---|
| 001 | 30746 | ||
| 005 | 20260407155616.0 | ||
| 008 | 260407a1974 arg spa d | ||
| 003 | AR-UNSa-BCEJYS | ||
| 040 |
_aAR-UNSa-BCEJYS _bspa _cAR-UNSa-BCEJYS |
||
| 080 |
_a657.6 _xAuditoria (control interno) |
||
| 245 | 1 | 0 | _aNormas de auditoria generalmente aceptadas |
| 264 | 1 |
_aBuenos Aires : _bEl Coloquio _c1974 |
|
| 300 |
_a56 p. _c21 cm. |
||
| 505 | _a1. Que son las normas de auditoría generalmente aceptadas? - 2. Introducción - 3. Antecedentes normativos - 4. Normas de auditoría: Nuevas resoluciones y disposiciones reemplazadas - 5. Normas sobre emisión de dictámenes - 6. Instituto técnico de contadores públicos - 7. Ambito de los consejos profesionales de ciencias económicas - 8. Entes públicos y privados - 9. Situación existente en la capital federal - 10. Conclusiones generales. | ||
| 942 | _cBK | ||
| 590 | _aniveau_biblio:m niveau_hierar:0 | ||
| 100 | 1 | _aDell´Elce, Quintino P. | |
| 999 |
_c2118 _d2118 |
||